[Event "Toronto int."]
[Site "Toronto CAN"]
[Date "1998.05.16"]
[Round "4"]
[White "Djerkovic, Miladin"]
[Black "Calton, Bill"]
[Result "1/2-1/2"]
[WhiteElo "2265"]
[BlackElo "2270"]
[PlyCount "74"]
[GameId "2160767911873276"]
[EventDate "1998.05.14"]
[EventType "swiss"]
[EventRounds "9"]
[EventCountry "CAN"]
[SourceTitle "CBM 065 Extra"]
[Source "ChessBase"]
[SourceDate "1998.09.09"]
[SourceVersion "1"]
[SourceVersionDate "1998.09.09"]
[SourceQuality "1"]

1. e4 e6 2. d4 d5 3. Nc3 Bb4 4. e5 c5 5. a3 Bxc3+ 6. bxc3 Qc7 7. Qg4 f5 8. Qh5+ g6 9. Qd1 Bd7 10. Nf3 Ba4 11. Bd2 Nc6 12. dxc5 Nxe5 13. Bf4 Nxf3+ 14. Qxf3 Qe7 15. Qe3 Nf6 16. Qd4 Bc6 17. Bd6 Qf7 18. Rb1 e5 19. Bxe5 O-O 20. Bxf6 Rae8+ 21. Kd2 Re4 22. Bd3 Rxd4 23. Bxd4 Qc7 24. g3 Re8 25. f4 Re6 26. Rhe1 Rxe1 27. Rxe1 Qd7 28. Bf6 Bb5 29. Re7 Qc6 30. Rg7+ Kf8 31. Bd4 Bxd3 32. cxd3 h5 33. h4 Qb5 34. Rxg6 Qb2+ 35. Kd1 Qb1+ 36. Kd2 Qb2+ 37. Kd1 Qb1+ 1/2-1/2

[Event "Toronto int."]
[Site "Toronto CAN"]
[Date "1998.05.16"]
[Round "4"]
[White "Dougherty, Michael"]
[Black "Okolotowicz, Zbigniew"]
[Result "1/2-1/2"]
[WhiteElo "2275"]
[BlackElo "2213"]
[PlyCount "94"]
[GameId "2160767911873277"]
[EventDate "1998.05.14"]
[EventType "swiss"]
[EventRounds "9"]
[EventCountry "CAN"]
[SourceTitle "CBM 65 ext"]
[Source "ChessBase"]
[SourceDate "1998.09.09"]
[SourceVersion "1"]
[SourceVersionDate "1998.09.09"]
[SourceQuality "1"]

1. e4 c5 2. Nf3 Nc6 3. d4 cxd4 4. Nxd4 Nf6 5. Nc3 e5 6. Ndb5 d6 7. Bg5 a6 8. Bxf6 gxf6 9. Na3 b5 10. Nd5 f5 11. Bd3 Be6 12. Qh5 Rg8 13. g3 Bg7 14. Rd1 Kf8 15. c3 f4 16. Be2 Ne7 17. Bg4 Ra7 18. Nc2 Qa8 19. Qh4 f5 20. Bh3 fxg3 21. hxg3 Bxd5 22. exd5 Qe8 23. Qb4 Qg6 24. Bg2 Bh6 25. Bf3 Kg7 26. Na3 Rc8 27. Kf1 Rc5 28. c4 e4 29. Qc3+ Kg8 30. b4 Rc8 31. Bh5 Qg7 32. Qb3 Rac7 33. c5 Qf6 34. Nb1 Bg7 35. Nc3 Kh8 36. Ne2 dxc5 37. d6 c4 38. Qc2 Rd7 39. dxe7 Qxe7 40. Nf4 Rxd1+ 41. Qxd1 Rd8 42. Qb1 Kg8 43. Kg2 Be5 44. Rd1 Bxf4 45. gxf4 Rd3 46. Qb2 Rxd1 47. Bxd1 Qd6 1/2-1/2

[Event "Toronto int."]
[Site "Toronto CAN"]
[Date "1998.05.16"]
[Round "4"]
[White "Friedman, Aviv"]
[Black "Kreiman, Boris"]
[Result "0-1"]
[WhiteElo "2360"]
[BlackElo "2445"]
[PlyCount "62"]
[GameId "2160767911873279"]
[EventDate "1998.05.14"]
[EventType "swiss"]
[EventRounds "9"]
[EventCountry "CAN"]
[SourceTitle "CBM 65 ext"]
[Source "ChessBase"]
[SourceDate "1998.09.09"]
[SourceVersion "1"]
[SourceVersionDate "1998.09.09"]
[SourceQuality "1"]

1. Nf3 Nf6 2. c4 g6 3. Nc3 Bg7 4. g3 O-O 5. Bg2 d5 6. cxd5 Nxd5 7. O-O Nc6 8. Nxd5 Qxd5 9. d3 a5 10. Bf4 Bxb2 11. Ne5 Qe6 12. Nxc6 Bxa1 13. Qxa1 bxc6 14. Bh6 f6 15. Bxf8 Kxf8 16. Qb2 a4 17. Rc1 a3 18. Qd2 Bd7 19. f4 Kg7 20. Rc3 Qd6 21. Qc1 Ra6 22. e3 Be6 23. Qc2 Qb4 24. d4 Bxa2 25. Qxa2 Qxc3 26. Qe6 Qb4 27. Bd5 cxd5 28. Qxa6 Qb1+ 29. Kf2 a2 30. Qe6 Qb4 31. Qa6 Qb2+ 0-1

[Event "Toronto int."]
[Site "Toronto CAN"]
[Date "1998.05.16"]
[Round "4"]
[White "Garcia, Gildardo"]
[Black "Crisan, Ioan"]
[Result "1-0"]
[WhiteElo "2505"]
[BlackElo "2235"]
[PlyCount "86"]
[GameId "2160767911873280"]
[EventDate "1998.05.14"]
[EventType "swiss"]
[EventRounds "9"]
[EventCountry "CAN"]
[SourceTitle "CBM 65 ext"]
[Source "ChessBase"]
[SourceDate "1998.09.09"]
[SourceVersion "1"]
[SourceVersionDate "1998.09.09"]
[SourceQuality "1"]

1. e4 c5 2. Nf3 d6 3. d4 cxd4 4. Nxd4 Nf6 5. Nc3 a6 6. Bg5 e6 7. f4 Be7 8. Qf3 Qc7 9. O-O-O Nbd7 10. Bd3 h6 11. Bh4 g5 12. fxg5 Ne5 13. Qe2 Nfg4 14. Nf3 b5 15. Rdf1 b4 16. Nd1 Nxf3 17. Rxf3 Ne5 18. Rf2 Bxg5+ 19. Bxg5 hxg5 20. Ne3 Qc5 21. Kb1 Bd7 22. Rhf1 Bb5 23. Ng4 Nxg4 24. Qxg4 Bxd3 25. cxd3 Rc8 26. h3 Rh4 27. Qd1 Rc7 28. Qd2 Rf4 29. Rxf4 gxf4 30. d4 Qb5 31. Rxf4 a5 32. Rf3 a4 33. b3 a3 34. d5 Rc3 35. dxe6 Rxf3 36. gxf3 Qf1+ 37. Kc2 Qxf3 38. exf7+ Kxf7 39. Qd5+ Ke7 40. Qg5+ Kf7 41. Qf5+ Qxf5 42. exf5 Kf6 43. Kd3 Kxf5 1-0

[Event "Toronto int."]
[Site "Toronto CAN"]
[Date "1998.05.16"]
[Round "4"]
[White "Goldenberg, Danny"]
[Black "Gregorz, Ralph"]
[Result "1-0"]
[WhiteElo "2320"]
[BlackElo "2210"]
[PlyCount "87"]
[GameId "2160767911873282"]
[EventDate "1998.05.14"]
[EventType "swiss"]
[EventRounds "9"]
[EventCountry "CAN"]
[SourceTitle "CBM 65 ext"]
[Source "ChessBase"]
[SourceDate "1998.09.09"]
[SourceVersion "1"]
[SourceVersionDate "1998.09.09"]
[SourceQuality "1"]

1. e4 Nf6 2. e5 Nd5 3. d4 d6 4. Nf3 Bg4 5. Be2 e6 6. O-O Bxf3 7. Bxf3 c6 8. Qe2 dxe5 9. dxe5 Nd7 10. c4 Ne7 11. Bg4 Qc7 12. f4 h5 13. Bf3 Nf5 14. Nc3 Bc5+ 15. Kh1 g6 16. Ne4 Be7 17. Rd1 Nc5 18. Nd6+ Nxd6 19. exd6 Bxd6 20. b4 Nd7 21. Qd2 Be7 22. Bb2 Rg8 23. b5 Bf6 24. Qxd7+ Qxd7 25. Rxd7 Kxd7 26. Bxf6 Rgc8 27. Rd1+ Ke8 28. h4 a5 29. a4 Ra7 30. b6 Raa8 31. c5 Rab8 32. Rd6 Ra8 33. Bxc6+ Rxc6 34. Rxc6 bxc6 35. Be5 f6 36. Bd6 Kd7 37. b7 Re8 38. b8=Q Rxb8 39. Bxb8 e5 40. fxe5 fxe5 41. Bxe5 Ke6 42. Bc7 Kd5 43. Bxa5 Kxc5 44. Be1 1-0

[Event "Toronto int."]
[Site "Toronto CAN"]
[Date "1998.05.16"]
[Round "4"]
[White "Haessel, Dale"]
[Black "Ruiz, Richard"]
[Result "1-0"]
[WhiteElo "2225"]
[BlackElo "2165"]
[PlyCount "71"]
[GameId "2160767911873283"]
[EventDate "1998.05.14"]
[EventType "swiss"]
[EventRounds "9"]
[EventCountry "CAN"]
[SourceTitle "CBM 065 Extra"]
[Source "ChessBase"]
[SourceDate "1998.09.09"]
[SourceVersion "1"]
[SourceVersionDate "1998.09.09"]
[SourceQuality "1"]

1. e4 c6 2. d4 d5 3. exd5 cxd5 4. Bd3 Nf6 5. c3 Nc6 6. h3 e6 7. Bf4 Bd6 8. Bxd6 Qxd6 9. Nf3 O-O 10. O-O b6 11. Nbd2 Bb7 12. Re1 Rac8 13. Ne5 Qe7 14. f4 g6 15. Ndf3 Na5 16. Qe2 Nh5 17. Qd2 Nc4 18. Qc1 Rc7 19. g4 Nf6 20. f5 Ne4 21. Nxc4 Rxc4 22. Qh6 exf5 23. gxf5 Rc6 24. Bxe4 dxe4 25. Ng5 f6 26. Rxe4 Qc7 27. fxg6 fxg5 28. gxh7+ Qxh7 29. Qxh7+ Kxh7 30. Re7+ Kg6 31. Rxb7 Rcf6 32. Re1 Rf2 33. Re6+ Kf5 34. Kxf2 Kxe6+ 35. Kg3 Kd5 36. Rxa7 1-0

[Event "Toronto int."]
[Site "Toronto CAN"]
[Date "1998.05.16"]
[Round "4"]
[White "Hasanov, Marat"]
[Black "Gurevich, Dmitry"]
[Result "1/2-1/2"]
[WhiteElo "2265"]
[BlackElo "2540"]
[PlyCount "56"]
[GameId "2160767911873284"]
[EventDate "1998.05.14"]
[EventType "swiss"]
[EventRounds "9"]
[EventCountry "CAN"]
[SourceTitle "CBM 065 Extra"]
[Source "ChessBase"]
[SourceDate "1998.09.09"]
[SourceVersion "1"]
[SourceVersionDate "1998.09.09"]
[SourceQuality "1"]

1. e4 c5 2. Nf3 Nc6 3. c4 e5 4. Nc3 d6 5. d3 g6 6. g3 Bg7 7. Bg2 f5 8. exf5 gxf5 9. O-O Nge7 10. a3 O-O 11. Bd2 f4 12. Ne2 Ng6 13. Rb1 Bf5 14. Bc3 Qd7 15. b4 h6 16. Kh1 Rf7 17. Ba1 Raf8 18. Neg1 b6 19. Qe2 Kh8 20. h3 e4 21. dxe4 Be6 22. Ng5 hxg5 23. Qh5+ Kg8 24. Qxg6 Nd4 25. Bxd4 cxd4 26. Rfc1 fxg3 27. fxg3 Rf2 28. Qxg5 Kh7 1/2-1/2

[Event "Toronto int."]
[Site "Toronto CAN"]
[Date "1998.05.16"]
[Round "4"]
[White "Hum, Peter"]
[Black "Lamb, Bryan"]
[Result "1/2-1/2"]
[WhiteElo "2267"]
[BlackElo "2110"]
[PlyCount "77"]
[GameId "2160767911873286"]
[EventDate "1998.05.14"]
[EventType "swiss"]
[EventRounds "9"]
[EventCountry "CAN"]
[SourceTitle "CBM 65 ext"]
[Source "ChessBase"]
[SourceDate "1998.09.09"]
[SourceVersion "1"]
[SourceVersionDate "1998.09.09"]
[SourceQuality "1"]

1. d4 Nf6 2. Bg5 Ne4 3. Bf4 d5 4. e3 g6 5. Bd3 Nd6 6. h4 Bg7 7. h5 Nc6 8. Nc3 Nb4 9. Bb5+ c6 10. Ba4 Nc4 11. Rb1 Qa5 12. Kf1 Nxa2 13. Nge2 Nxc3 14. Nxc3 Nxb2 15. Rxb2 Qxc3 16. Qa1 b5 17. Bb3 a5 18. Qc1 Bf5 19. Kg1 a4 20. Ba2 O-O 21. hxg6 Bxg6 22. Rh3 a3 23. Rb3 Qxc2 24. Qxc2 Bxc2 25. Rc3 Bf5 26. Rg3 Rfc8 27. Bg5 f6 28. Bf4 b4 29. Rb3 Ra4 30. f3 Bc2 31. Bh6 Bxb3 32. Rxg7+ Kh8 33. Bb1 a2 34. Rxh7+ Kg8 35. Bg6 a1=Q+ 36. Kh2 Raa8 37. Rg7+ Kf8 38. Rh7+ Kg8 39. Rg7+ 1/2-1/2

[Event "Toronto int."]
[Site "Toronto CAN"]
[Date "1998.05.16"]
[Round "4"]
[White "Kapetanovic, Armin"]
[Black "Beckwith, Paul"]
[Result "1-0"]
[WhiteElo "2465"]
[BlackElo "2230"]
[PlyCount "93"]
[GameId "2160767911873287"]
[EventDate "1998.05.14"]
[EventType "swiss"]
[EventRounds "9"]
[EventCountry "CAN"]
[SourceTitle "CBM 065 Extra"]
[Source "ChessBase"]
[SourceDate "1998.09.09"]
[SourceVersion "1"]
[SourceVersionDate "1998.09.09"]
[SourceQuality "1"]

1. d4 Nf6 2. Nf3 e6 3. c4 b6 4. Nc3 Bb7 5. e3 d5 6. Bd3 Be7 7. O-O O-O 8. b3 Nbd7 9. Bb2 Ne4 10. Nd2 f5 11. f3 Nxc3 12. Bxc3 c5 13. Qe2 Bf6 14. Rad1 Qe8 15. cxd5 Bxd5 16. e4 Bc6 17. e5 cxd4 18. Bxd4 Be7 19. Bc4 Bc5 20. Bxc5 Nxc5 21. b4 Na4 22. Nb1 b5 23. Bb3 Nb6 24. Nc3 Nc4 25. Nxb5 Bxb5 26. Bxc4 Bxc4 27. Qxc4 Rc8 28. Qb3 Rc6 29. Rd6 Rxd6 30. exd6 Qd7 31. Rd1 Rc8 32. b5 Kf7 33. a4 Rb8 34. Qc4 Rc8 35. Qd4 Rc2 36. Rb1 g5 37. h3 h5 38. a5 g4 39. b6 axb6 40. axb6 gxf3 41. b7 f2+ 42. Qxf2 Rxf2 43. Kxf2 Qxd6 44. b8=Q Qd4+ 45. Kf1 Qd3+ 46. Kg1 Qe3+ 47. Kh1 1-0

[Event "Toronto int."]
[Site "Toronto CAN"]
[Date "1998.05.16"]
[Round "4"]
[White "Linskiy, Oleg"]
[Black "Gardner, Robert"]
[Result "0-1"]
[WhiteElo "2375"]
[BlackElo "2180"]
[PlyCount "86"]
[GameId "2160767911873290"]
[EventDate "1998.05.14"]
[EventType "swiss"]
[EventRounds "9"]
[EventCountry "CAN"]
[SourceTitle "CBM 065 Extra"]
[Source "ChessBase"]
[SourceDate "1998.09.09"]
[SourceVersion "1"]
[SourceVersionDate "1998.09.09"]
[SourceQuality "1"]

1. d4 Nf6 2. Nf3 c5 3. c4 cxd4 4. Nxd4 e5 5. Nc2 d5 6. cxd5 Qxd5 7. Qxd5 Nxd5 8. g3 Nc6 9. Bg2 Be6 10. O-O O-O-O 11. b3 h5 12. Bb2 h4 13. Nc3 hxg3 14. hxg3 Nxc3 15. Bxc3 Bd5 16. Rfd1 Bxg2 17. Rxd8+ Kxd8 18. Kxg2 Kd7 19. Rd1+ Ke6 20. f4 Be7 21. e4 g6 22. Ne3 f6 23. f5+ gxf5 24. exf5+ Kf7 25. Kf3 Rd8 26. Rxd8 Bxd8 27. Ke4 Ne7 28. Nc4 Bc7 29. g4 Ke8 30. Bb4 Nc6 31. Bd6 Bd8 32. Bc5 Kd7 33. g5 fxg5 34. Nxe5+ Nxe5 35. Kxe5 b6 36. Be3 Bc7+ 37. Kf6 g4 38. Kg7 Be5+ 39. Kg6 g3 40. Kg5 g2 41. Kg6 Bd6 42. f6 Bc5 43. f7 Bxe3 0-1

[Event "Toronto int."]
[Site "Toronto CAN"]
[Date "1998.05.16"]
[Round "4"]
[White "Milicevic, Goran"]
[Black "Rositsan, Boris"]
[Result "1-0"]
[WhiteElo "2370"]
[BlackElo "2241"]
[PlyCount "123"]
[GameId "2160767911873291"]
[EventDate "1998.05.14"]
[EventType "swiss"]
[EventRounds "9"]
[EventCountry "CAN"]
[SourceTitle "CBM 65 ext"]
[Source "ChessBase"]
[SourceDate "1998.09.09"]
[SourceVersion "1"]
[SourceVersionDate "1998.09.09"]
[SourceQuality "1"]

1. d4 d5 2. Nf3 c5 3. c3 Nc6 4. Bf4 f6 5. e3 Bg4 6. Qb3 Qb6 7. Qxb6 axb6 8. Bc7 Bxf3 9. gxf3 cxd4 10. exd4 e5 11. dxe5 Nxe5 12. Bb5+ Kf7 13. Nd2 Rc8 14. Bxb6 Bc5 15. Bxc5 Rxc5 16. a4 Ne7 17. Rd1 Rd8 18. Nb3 Rc7 19. Nd4 N7g6 20. O-O Nc4 21. Rfe1 Nf4 22. Bxc4 Rxc4 23. a5 Rc5 24. Nf5 Rd7 25. Ra1 d4 26. Nxd4 Rg5+ 27. Kf1 Nh3 28. Ke2 Rg2 29. Kd2 Rxf2+ 30. Re2 Rxf3 31. Kc2 Nf4 32. Nxf3 Nxe2 33. b4 g5 34. b5 Rc7 35. c4 g4 36. Nd2 Nd4+ 37. Kb2 f5 38. a6 bxa6 39. b6 Rb7 40. c5 Ne6 41. Nc4 Nxc5 42. Nd6+ Ke6 43. Nxb7 Nxb7 44. Rc1 f4 45. Kc3 Kd6 46. Kd2 g3 47. hxg3 fxg3 48. Ke2 h5 49. Rc7 Nd8 50. Kf3 h4 51. Kg2 a5 52. Kh3 Ne6 53. Rc8 Nf4+ 54. Kxh4 g2 55. b7 Ng6+ 56. Kh5 g1=Q 57. b8=Q+ Ke6 58. Qb3+ Kf5 59. Qd3+ Kf4 60. Rc4+ Ke5 61. Qe4+ Kf6 62. Rc6+ 1-0

[Event "Toronto int."]
[Site "Toronto CAN"]
[Date "1998.05.16"]
[Round "4"]
[White "Rozentalis, Eduardas"]
[Black "Ochkoos, Jura"]
[Result "1-0"]
[WhiteElo "2610"]
[BlackElo "2270"]
[PlyCount "73"]
[GameId "2160767911873294"]
[EventDate "1998.05.14"]
[EventType "swiss"]
[EventRounds "9"]
[EventCountry "CAN"]
[SourceTitle "CBM 65 ext"]
[Source "ChessBase"]
[SourceDate "1998.09.09"]
[SourceVersion "1"]
[SourceVersionDate "1998.09.09"]
[SourceQuality "1"]

1. e4 e5 2. Nf3 Nc6 3. Bb5 a6 4. Bxc6 bxc6 5. O-O d6 6. d4 f6 7. c4 g6 8. d5 c5 9. a3 Nh6 10. b4 Nf7 11. Ne1 cxb4 12. axb4 Rb8 13. Nd3 f5 14. Nc3 Bg7 15. Qa4+ Kf8 16. c5 Bf6 17. f3 Kg7 18. c6 f4 19. b5 axb5 20. Qa7 Rb6 21. Ra5 g5 22. Nxb5 Rxb5 23. Rxb5 g4 24. fxg4 h5 25. gxh5 Rxh5 26. Rb8 Rh8 27. Bd2 Qg8 28. Ne1 Qh7 29. Nf3 Qxe4 30. Qxc7 Qxd5 31. Rxc8 e4 32. Rxh8 exf3 33. gxf3 Kxh8 34. Qc8+ Kg7 35. c7 Qd3 36. Qg4+ Ng5 37. Rf2 1-0

[Event "Toronto int."]
[Site "Toronto CAN"]
[Date "1998.05.16"]
[Round "4"]
[White "Wight, Keith"]
[Black "Dutton, Warren"]
[Result "1-0"]
[WhiteElo "2163"]
[BlackElo "2120"]
[PlyCount "147"]
[GameId "2160767911873297"]
[EventDate "1998.05.14"]
[EventType "swiss"]
[EventRounds "9"]
[EventCountry "CAN"]
[SourceTitle "CBM 65 ext"]
[Source "ChessBase"]
[SourceDate "1998.09.09"]
[SourceVersion "1"]
[SourceVersionDate "1998.09.09"]
[SourceQuality "1"]

1. e4 e5 2. Nf3 Nc6 3. d4 exd4 4. Nxd4 Nf6 5. Nxc6 bxc6 6. e5 Qe7 7. Qe2 Nd5 8. c4 Ba6 9. g3 g6 10. b3 Bg7 11. Bb2 d6 12. Qe4 f5 13. Qe2 Bxe5 14. Bxe5 dxe5 15. Bg2 e4 16. O-O Qe5 17. Nd2 O-O 18. Qe1 Nb4 19. Nf3 Qc5 20. Ng5 Rae8 21. Qd2 Nd3 22. Rad1 Rf6 23. Qe2 Rd6 24. h4 Red8 25. Kh2 Ne5 26. Ne6 Rxe6 27. Rxd8+ Kg7 28. Qb2 Qe7 29. Rfd1 Rd6 30. R8xd6 cxd6 31. Qd4 e3 32. fxe3 c5 33. Qf4 Bb7 34. e4 h5 35. Kg1 Bc8 36. Qd2 Nf7 37. Re1 Ne5 38. Rf1 fxe4 39. Bxe4 Ng4 40. Qf4 Bf5 41. Bxf5 gxf5 42. Qg5+ Qxg5 43. hxg5 Kg6 44. Rd1 Kxg5 45. Rxd6 Ne3 46. Rc6 Kg4 47. Rxc5 Kxg3 48. Re5 f4 49. Rxh5 f3 50. Rg5+ Kf4 51. Rg8 Nd1 52. Rd8 Nc3 53. Rd3 Nxa2 54. c5 Ke4 55. c6 Kxd3 56. Kf1 Kc3 57. c7 a5 58. c8=Q+ Kxb3 59. Qb7+ Nb4 60. Qxf3+ Kc4 61. Qa3 Kb5 62. Ke2 a4 63. Kd2 Nd5 64. Kc1 Nb6 65. Kc2 Nc4 66. Qd3 Kb4 67. Qd4 Kb5 68. Kc3 Nb6 69. Qe5+ Kc6 70. Kb4 Nd5+ 71. Kxa4 Kc5 72. Kb3 Kc6 73. Kc4 Nb6+ 74. Kd4 1-0

[Event "Toronto int."]
[Site "Toronto CAN"]
[Date "1998.05.16"]
[Round "4"]
[White "Yee, Lorne"]
[Black "Jung, Hans"]
[Result "1-0"]
[WhiteElo "2189"]
[BlackElo "2346"]
[PlyCount "93"]
[GameId "2160767911873298"]
[EventDate "1998.05.14"]
[EventType "swiss"]
[EventRounds "9"]
[EventCountry "CAN"]
[SourceTitle "CBM 65 ext"]
[Source "ChessBase"]
[SourceDate "1998.09.09"]
[SourceVersion "1"]
[SourceVersionDate "1998.09.09"]
[SourceQuality "1"]

1. d4 c6 2. c4 d5 3. cxd5 cxd5 4. Nc3 Nf6 5. Nf3 a6 6. Bf4 e6 7. e3 b5 8. Bd3 Bb7 9. O-O Be7 10. h3 Nc6 11. Rc1 Na5 12. b3 Ba3 13. Rc2 Nc6 14. Nb1 Bd6 15. Bxd6 Qxd6 16. a3 O-O 17. Qc1 Rac8 18. Qb2 Nd7 19. Rfc1 f5 20. Nbd2 Rf6 21. Bf1 Rcf8 22. g3 Rg6 23. Bg2 Rgf6 24. Ne1 g5 25. f4 gxf4 26. exf4 Rg6 27. Nf1 Nf6 28. Nd3 Nd8 29. Rc7 Ne8 30. R7c5 Rg7 31. b4 Nf6 32. Qc2 Nd7 33. Rc7 Qb6 34. Qc3 Bc6 35. Rxc6 Nxc6 36. Qxc6 Qxd4+ 37. Nf2 Nf6 38. Qxe6+ Kh8 39. Rd1 Qa7 40. Qxf5 Re7 41. Bf3 Ree8 42. Qd3 Qg7 43. Kg2 h5 44. Ne3 Rg8 45. Nf5 Qg6 46. g4 Ne4 47. Qxd5 1-0

[Event "Toronto int."]
[Site "Toronto CAN"]
[Date "1998.05.16"]
[Round "4"]
[White "Ziatdinov, Raset"]
[Black "Novikov, Igor A"]
[Result "0-1"]
[WhiteElo "2515"]
[BlackElo "2550"]
[PlyCount "68"]
[GameId "2160767911873299"]
[EventDate "1998.05.14"]
[EventType "swiss"]
[EventRounds "9"]
[EventCountry "CAN"]
[SourceTitle "CBM 065 Extra"]
[Source "ChessBase"]
[SourceDate "1998.09.09"]
[SourceVersion "1"]
[SourceVersionDate "1998.09.09"]
[SourceQuality "1"]

1. e4 c5 2. Nf3 d6 3. d4 cxd4 4. Nxd4 Nf6 5. Nc3 a6 6. Bg5 e6 7. Qe2 Be7 8. h4 Qc7 9. O-O-O Nbd7 10. g4 b5 11. a3 Rb8 12. Bd2 b4 13. axb4 Rxb4 14. Nb3 Nc5 15. Nxc5 Qxc5 16. g5 Nd7 17. Nb1 Rb8 18. Bc3 O-O 19. f4 Bb7 20. h5 Qc6 21. Bg2 Nc5 22. Rhe1 Na4 23. Qg4 Nxc3 24. Nxc3 Rfc8 25. f5 Ba8 26. Rd3 Qb6 27. f6 Qxb2+ 28. Kd2 Bd8 29. Rb1 Qa3 30. Rxb8 Rxb8 31. fxg7 Qc5 32. Rg3 Qf2+ 33. Kc1 Ba5 34. Rd3 Bxc3 0-1

[Event "Toronto int."]
[Site "Toronto CAN"]
[Date "1998.05.16"]
[Round "5"]
[White "Beckwith, Paul"]
[Black "Djerkovic, Miladin"]
[Result "1/2-1/2"]
[WhiteElo "2230"]
[BlackElo "2265"]
[PlyCount "51"]
[GameId "2160767911873301"]
[EventDate "1998.05.14"]
[EventType "swiss"]
[EventRounds "9"]
[EventCountry "CAN"]
[SourceTitle "CBM 065 Extra"]
[Source "ChessBase"]
[SourceDate "1998.09.09"]
[SourceVersion "1"]
[SourceVersionDate "1998.09.09"]
[SourceQuality "1"]

1. e4 c5 2. Ne2 d6 3. c4 Nf6 4. Nbc3 g6 5. d4 cxd4 6. Nxd4 Bg7 7. Be2 Nc6 8. Be3 O-O 9. f3 e6 10. Qd2 d5 11. Nxc6 bxc6 12. Rd1 Qa5 13. O-O Rd8 14. cxd5 cxd5 15. exd5 exd5 16. Nb5 Qxd2 17. Rxd2 Ba6 18. a4 Bb7 19. Bxa7 Bh6 20. Rd3 Re8 21. Kf2 Bc6 22. Bd4 Rxa4 23. Nc7 Re7 24. Bxf6 Rxc7 25. Rb3 Rc8 26. g3 1/2-1/2

[Event "Toronto int."]
[Site "Toronto CAN"]
[Date "1998.05.16"]
[Round "5"]
[White "Crisan, Ioan"]
[Black "Okolotowicz, Zbigniew"]
[Result "1-0"]
[WhiteElo "2235"]
[BlackElo "2213"]
[PlyCount "55"]
[GameId "2160767911873303"]
[EventDate "1998.05.14"]
[EventType "swiss"]
[EventRounds "9"]
[EventCountry "CAN"]
[SourceTitle "CBM 65 ext"]
[Source "ChessBase"]
[SourceDate "1998.09.09"]
[SourceVersion "1"]
[SourceVersionDate "1998.09.09"]
[SourceQuality "1"]

1. e4 c5 2. Nf3 Nc6 3. d4 cxd4 4. Nxd4 e5 5. Nb5 d6 6. c4 Be7 7. Be2 f5 8. N1c3 a6 9. Na3 Nf6 10. exf5 Bxf5 11. Nc2 O-O 12. Be3 Qe8 13. g4 Bg6 14. h4 Ne4 15. Qd5+ Qf7 16. Qxf7+ Kxf7 17. h5 Nxc3 18. hxg6+ Kxg6 19. bxc3 e4 20. Nd4 Ne5 21. g5 Kf7 22. Rb1 b5 23. cxb5 axb5 24. Rb2 Kg8 25. Nxb5 Ra4 26. Bd4 Nc6 27. Bd1 Ra5 28. Bb3+ 1-0

[Event "Toronto int."]
[Site "Toronto CAN"]
[Date "1998.05.16"]
[Round "5"]
[White "Dougherty, Michael"]
[Black "Haessel, Dale"]
[Result "0-1"]
[WhiteElo "2275"]
[BlackElo "2225"]
[PlyCount "84"]
[GameId "2160767911873305"]
[EventDate "1998.05.14"]
[EventType "swiss"]
[EventRounds "9"]
[EventCountry "CAN"]
[SourceTitle "CBM 065 Extra"]
[Source "ChessBase"]
[SourceDate "1998.09.09"]
[SourceVersion "1"]
[SourceVersionDate "1998.09.09"]
[SourceQuality "1"]

1. Nf3 Nf6 2. c4 e6 3. g3 b6 4. Bg2 Bb7 5. O-O c5 6. Nc3 Be7 7. b3 O-O 8. Bb2 d5 9. cxd5 Nxd5 10. d4 Bf6 11. Ne4 Be7 12. dxc5 bxc5 13. Rc1 Ne3 14. fxe3 Bxe4 15. Ne5 Bxg2 16. Kxg2 Qb6 17. Qd3 Qb7+ 18. Kg1 f6 19. Qc4 fxe5 20. Qxe6+ Kh8 21. Rxf8+ Bxf8 22. Rxc5 Nd7 23. Rd5 Qb4 24. Kf1 Nf6 25. Rxe5 Re8 26. Qf5 Rxe5 27. Bxe5 Qe4 28. Qxe4 Nxe4 29. Kg2 Kg8 30. Kf3 Nd6 31. a4 Kf7 32. Bd4 a6 33. e4 Nb7 34. Bc3 Nc5 35. b4 Nxa4 36. Bd2 Ke6 37. Ke3 g6 38. Kd3 Bd6 39. Kc2 Kd7 40. Be3 Kc6 41. Kb3 Kb5 42. Bd2 Nb6 0-1

[Event "Toronto int."]
[Site "Toronto CAN"]
[Date "1998.05.16"]
[Round "5"]
[White "Dutton, Warren"]
[Black "Hum, Peter"]
[Result "0-1"]
[WhiteElo "2120"]
[BlackElo "2267"]
[PlyCount "100"]
[GameId "2160767911873307"]
[EventDate "1998.05.14"]
[EventType "swiss"]
[EventRounds "9"]
[EventCountry "CAN"]
[SourceTitle "CBM 65 ext"]
[Source "ChessBase"]
[SourceDate "1998.09.09"]
[SourceVersion "1"]
[SourceVersionDate "1998.09.09"]
[SourceQuality "1"]

1. e4 e6 2. d4 d5 3. Nd2 Nf6 4. e5 Nfd7 5. f4 c5 6. c3 cxd4 7. cxd4 Nc6 8. Ndf3 h5 9. a3 a5 10. Bd3 g6 11. Qc2 Ne7 12. Ne2 Nf5 13. Ng3 Nb8 14. Nxf5 exf5 15. Be3 Nc6 16. O-O Be7 17. Bf2 Bd7 18. Qb3 Bc8 19. Rac1 a4 20. Qc2 Qb6 21. Rfd1 Bd7 22. Qe2 Kf8 23. Kh1 Kg7 24. Rc5 Be6 25. Rb5 Qc7 26. Qc2 Rhc8 27. Rc1 Qd7 28. Qd1 Na5 29. Rxc8 Qxc8 30. Nd2 Nc4 31. Bxc4 dxc4 32. Qf3 Qc6 33. Qxc6 bxc6 34. Rb7 c3 35. bxc3 Bxa3 36. Rb1 Be7 37. c4 a3 38. Kg1 a2 39. Ra1 Bb4 40. d5 cxd5 41. c5 Bc3 42. Nb3 Bxa1 43. Nxa1 Ra4 44. g3 d4 45. Kf1 Bd5 46. Ke2 Kf8 47. Kd2 Ke8 48. Kc2 Kd7 49. Be1 Kc6 50. Bd2 Kxc5 0-1

[Event "Toronto int."]
[Site "Toronto CAN"]
[Date "1998.05.16"]
[Round "5"]
[White "Gandolfi, Fred"]
[Black "Rajlich, Vasik"]
[Result "0-1"]
[WhiteElo "2210"]
[BlackElo "2265"]
[PlyCount "72"]
[GameId "2160767911873308"]
[EventDate "1998.05.14"]
[EventType "swiss"]
[EventRounds "9"]
[EventCountry "CAN"]
[SourceTitle "CBM 65 ext"]
[Source "ChessBase"]
[SourceDate "1998.09.09"]
[SourceVersion "1"]
[SourceVersionDate "1998.09.09"]
[SourceQuality "1"]

1. d4 Nf6 2. c4 g6 3. Nc3 Bg7 4. e4 d6 5. Nf3 O-O 6. Be2 e5 7. O-O Nc6 8. d5 Ne7 9. Ne1 Nd7 10. f3 f5 11. g4 h5 12. h3 hxg4 13. hxg4 Kf7 14. Nd3 Rh8 15. Kg2 Nf6 16. Nf2 f4 17. Rh1 Bh6 18. Bd2 Bg5 19. b4 Bh4 20. Qb3 g5 21. c5 Ng6 22. Rac1 Rh6 23. cxd6 cxd6 24. Nb5 Qb6 25. Nh3 Bd7 26. Nc3 Rah8 27. Be1 Ke7 28. Nf2 Bxf2 29. Bxf2 Rh2+ 30. Rxh2 Rxh2+ 31. Kxh2 Qxf2+ 32. Kh1 Nh5 33. gxh5 Qh4+ 34. Kg1 Qg3+ 35. Kh1 Nh4 36. Bf1 Nxf3 0-1